Wine, Cheese, King, or Ligue 1 Team - A France Click Quiz - Statistics

General Stats
  • This quiz has been taken 308 times
  • The average score is 17 of 32
Answer Stats
Hint Answer % Correct
Theuderic King
78%
Clovis King
73%
Carloman King
72%
Lothair King
72%
Sémillon Wine
70%
Malbec Wine
70%
Rocamadour Cheese
67%
Dagobert King
66%
Vermentino Wine
66%
Beaufort Cheese
64%
Childeric King
63%
Cancoillotte Cheese
62%
Syrah Wine
61%
Pepin King
58%
Béziers Ligue 1 Team
55%
Époisses Cheese
54%
Grenache Wine
53%
Istres Ligue 1 Team
52%
Odo King
49%
Martigues Ligue 1 Team
46%
Salers Cheese
44%
Alès Ligue 1 Team
42%
Angoulême Ligue 1 Team
41%
Hyères Ligue 1 Team
41%
Pélardon Cheese
40%
Sète Ligue 1 Team
40%
Macabeu Wine
38%
Châteauroux Ligue 1 Team
34%
Neufchâtel Cheese
31%
Colombard Wine
25%
Valençay Cheese
20%
Aramon Wine
19%
No matching quizzes found
Score Distribution
Percent of People with Each Score
Percentile by Number Answered
Your Score History
You have not taken this quiz